CS:GO Weapons By Skin [Easy] - Statistics

General Stats
  • This quiz has been taken 756 times
  • The average score is 12 of 20
Answer Stats
Hint Answer % Correct
Vulcan AK-47
97%
Dragon Lore AWP
97%
Cyrex M4A1-S
90%
Dragon King M4A4
77%
Chatterbox Galil AR
69%
Bronze Deco Desert Eagle
68%
Franklin P250
62%
Colony FAMAS
56%
Bunsen Burner Glock-18
55%
Caiman USP-S
53%
Pulse SG-553
52%
Ocean Foam P2000
49%
Slashed SSG-08
49%
Deadly Poison MP9
48%
Torque AUG
47%
Loudmouth Negev
42%
Osiris PP-Bizon
40%
Module P90
38%
Origami Sawed-Off
36%
Firestarter MAG-7
30%
No matching quizzes found
Score Distribution
Percent of People with Each Score
Percentile by Number Answered
Your Score History
You have not taken this quiz